Kibontották az ifjúsági ház oldalát lift és újabb emelet épül, megnő a nagyterem és a kávézó /

Elmentve itt :
Bibliográfiai részletek
Szerző: Dombai Tünde
Dokumentumtípus: Cikk
Megjelent: 2007-05-31
Sorozat:Délmagyarország 97 No. 125
Kulcsszavak:Szeged, Kulturális intézmény felújítás, Ifjúsági Ház (Szeged)
Online Access:http://dmarchiv.bibl.u-szeged.hu/138232
LEADER 00585nab a2200157 i 4500
001 delm138232
005 20200107120535.0
008 200107s2007 hu o 0|| hun d
040 |a SZTE Délmagyarország Archívum  |b hun 
041 |a hun 
100 1 |a Dombai Tünde 
245 1 0 |a Kibontották az ifjúsági ház oldalát   |h [elektronikus dokumentum] :  |b lift és újabb emelet épül, megnő a nagyterem és a kávézó /  |c  Dombai Tünde 
260 |c 2007-05-31 
300 |a 5 
490 0 |a Délmagyarország  |v 97 No. 125 
695 |a Szeged, Kulturális intézmény felújítás, Ifjúsági Ház (Szeged)